00282nam a2200097Ia 4500001000800000005001700008008004100025020001800066245008100084260001900165127594720260417160437.0260417s9999 xx 000 0 und d a9786256495128 0aSütçü İmam ve Kartopundan Devasa Bir ÇığcBüşra Şen Altun bKetebe Çocuk